Performance improvement of zinc ion batteries using graphene decorated manganese oxide cathode (Record no. 45641)

000 -LEADER
fixed length control field 00504nam a22001697a 4500
001 - CONTROL NUMBER
control field 45641
003 - CONTROL NUMBER IDENTIFIER
control field BD-DhUET
008 - FIXED-LENGTH DATA ELEMENTS--GENERAL INFORMATION
fixed length control field 260331b xxu||||| |||| 00| 0 eng d
040 ## - CATALOGING SOURCE
Transcribing agency 0
Modifying agency BD-DhUET
100 ## - MAIN ENTRY--PERSONAL NAME
Personal name Rana Sheikh,Md.
245 ## - TITLE STATEMENT
Title Performance improvement of zinc ion batteries using graphene decorated manganese oxide cathode
260 ## - PUBLICATION, DISTRIBUTION, ETC. (IMPRINT)
Place of publication, distribution, etc. Dhaka
Name of publisher, distributor, etc. Department of Chemistry, BUET
Date of publication, distribution, etc. 2026
300 ## - PHYSICAL DESCRIPTION
Extent viii,81p.
501 ## - WITH NOTE
With note One CD-ROM
504 ## - BIBLIOGRAPHY, ETC. NOTE
Bibliography, etc Includes bibliographies
942 ## - ADDED ENTRY ELEMENTS (KOHA)
Koha item type Thesis
Holdings
Koha item type Koha date last seen Withdrawn status Price effective from Lost status Sublocation or collection (holding branch) Shelving location Source of classification or shelving scheme Not for loan Date acquired Damaged status Location (home branch) Copy number Piece designation (barcode)
Thesis2026-03-31 2026-03-31 Central Library, BUETAcquisition section  2026-03-30 Central Library, BUET1121004